Quaking aspen : a study in applied forest pathology /

Saved in:
Bibliographic Details
Main Author: Meinecke, E. P. 1869-1957.
Corporate Author: United States. Department of Agriculture.
Format: Book
Language:English
Published: Washington : U.S. Dept. of Agriculture, 1929.
Series:Technical bulletin (United States. Department of Agriculture) ; no. 155.
Subjects:
Tags: Add Tag
No Tags, Be the first to tag this record!
LEADER 01099cam a2200289Ia 4500
001 006113485-6
005 20110606095712.0
008 830615s1929 dcuaf b f000 0 eng d
035 0 |a ocm09609893 
040 |a WIX  |c WIX  |d AGL  |d BOH 
050 4 |a S21  |b .A72, no. 155 
072 0 |a F831 
072 0 |a K001 
086 0 |a A 1.36:155 
100 1 |a Meinecke, E. P.  |q (Emilio Pepe),  |d 1869-1957. 
245 1 0 |a Quaking aspen :  |b a study in applied forest pathology /  |c by E.P. Meinecke. 
260 |a Washington :  |b U.S. Dept. of Agriculture,  |c 1929. 
300 |a 34 p., 2 p. of plates :  |b ill. ;  |c 23 cm. 
490 1 |a Technical bulletin / United States Department of Agriculture ;  |v no. 155 
500 |a Cover title. 
504 |a Literature cited: p. 33. 
650 0 |a Aspen. 
710 1 |a United States.  |b Department of Agriculture. 
776 0 8 |i Online version:  |a Meinecke, E.P. (Emilio Pepe), 1869-1957.  |t Quaking aspen.  |d Washington : U.S. Dept. of Agriculture, 1929  |w (OCoLC)784312047 
830 0 |a Technical bulletin (United States. Department of Agriculture) ;  |v no. 155. 
988 |a 20020608 
906 |0 OCLC